000
00285nam a2200121Ia 4500
008
220204s9999 xx 000 0 und d
082
_a
678.049.2
_b
ZAK
100
_a
Zakar, Pal
245
0
_a
Asphalt
260
_a
New York
_b
Chemical Publishing
_c
1971
650
_a
Asphalt
942
_c
BK
999
_c
24272
_d
24272